Estatísticas para Clubes brasileiros que disputaram a CONMEBOL Libertadores

Clique aqui para jogar o quiz

Estatísticas Gerais

  • Esse quiz foi jogado 242 vezes
  • A pontuação média é 25 de 28

Estatísticas das Respostas

Nº de ParticipaçõesClube% Correto
20Grêmio
100%
20Palmeiras
100%
15Corinthians
99%
17Cruzeiro
99%
16Flamengo
99%
6Fluminense
99%
15Santos
99%
9Vasco da Gama
99%
13Internacional
98%
20São Paulo
98%
10Atlético Mineiro
97%
5Botafogo
97%
7Athlético Paranaense
96%
3Bahia
93%
2Sport
91%
2Coritiba
89%
1Juventude
86%
3São Caetano
86%
1Santo André
85%
1Goiás
82%
3Guarani
82%
2Chapecoense
81%
1Criciúma
79%
1Paulista
76%
1Náutico
75%
1Paysandu
75%
1Paraná
73%
1Bangu
70%

Distribuição das Pontuações

Percentil de Números Respondidos

Porcentagem de Pessoas com Cada Pontuação

Sua Pontuação Histórica

Você não jogou esse quiz